Normal view
MARC view
Entry Topical Term
001 - CONTROL NUMBER
- control field: 22367
003 - CONTROL NUMBER IDENTIFIER
- control field: ARRUPE
005 - DATE AND TIME OF LATEST TRANSACTION
- control field: 20160216112748.0
008 - FIXED-LENGTH DATA ELEMENTS
- fixed length control field: 160216|| aca||aabn | a|a d
040 ## - CATALOGING SOURCE
- Original cataloging agency: ARRUPE
- Transcribing agency: ARRUPE
150 ## - HEADING--TOPICAL TERM
- Topical term or geographic name as entry element: Phenomenology.
670 ## - SOURCE DATA FOUND
- Source citation: Work cat.: (ARRUPE)0: Madison, Gary Brent. 19297, The phenomenology of Merleau-Ponty :, c1981.